Logo

Description automatically generated
विद्यार्जन
 संसाधन केंद्र, भारतीय प्रौद्योगिकी संस्थान इन्दौर
Learning Resource Center, Indian Institute of Technology Indore

ऑनलाइन सार्वजनिक अभिगम प्रसूची
Online Public Access Catalogue (OPAC)

The invitation (Record no. 57365)

MARC details
000 -LEADER
fixed length control field 00586nam a2200217Ia 4500
005 - DATE AND TIME OF LATEST TRANSACTION
control field 20260704175957.0
008 - FIXED-LENGTH DATA ELEMENTS--GENERAL INFORMATION
fixed length control field 260704s9999||||xx |||||||||||||| ||und||
020 ## - INTERNATIONAL STANDARD BOOK NUMBER
International Standard Book Number 9780061116711
Qualifying information pbk
082 ## - DEWEY DECIMAL CLASSIFICATION NUMBER
Classification number 204.4
Item number MOU
100 ## - MAIN ENTRY--PERSONAL NAME
Personal name Mountain Dreamer, Oriah
245 #4 - TITLE STATEMENT
Title The invitation
260 ## - PUBLICATION, DISTRIBUTION, ETC.
Place of publication, distribution, etc. New York
Name of publisher, distributor, etc. HarperOne an imprint of HarperCollins Publishers
Date of publication, distribution, etc. 2006
300 ## - PHYSICAL DESCRIPTION
Extent 153p. ; 19cm.
653 ## - INDEX TERM--UNCONTROLLED
Uncontrolled term Conduct of life
653 ## - INDEX TERM--UNCONTROLLED
Uncontrolled term Inspiration
653 ## - INDEX TERM--UNCONTROLLED
Uncontrolled term Meditations
653 ## - INDEX TERM--UNCONTROLLED
Uncontrolled term Self-realization
653 ## - INDEX TERM--UNCONTROLLED
Uncontrolled term Self-realization
653 ## - INDEX TERM--UNCONTROLLED
Uncontrolled term Spiritual life
942 ## - ADDED ENTRY ELEMENTS (KOHA)
Koha item type Book
Holdings
Withdrawn status Lost status Damaged status Not for loan Home library Current library Shelving location Date acquired Source of acquisition Total Checkouts Full call number Barcode Date last seen Price effective from Koha item type
        LRC, IIT Indore LRC, IIT Indore 3rd Floor - General Stack 04/07/2026 Gratis Book Price: INR 899.00   204.4 MOU G2590 04/07/2026 04/07/2026 Book
Copyright © 2017-2026 Indian Institute of Technology Indore. All Rights Reserved.
Managed & maintained by Learning Resource Center, IIT Indore